000 01786nam a22004457a 4500
003 CHAP
005 20220329143751.0
008 110729s2011 mx r 00010 spa d
010 _a101651
011 _a102623
035 _a113312
040 _cCHAP
090 _aTesis
100 1 _aCastro Reyes, José Miguel.
_920414
245 1 0 _aEstudio de factibilidad técnico - económica de una planta productora de setas (Pleurotus ostreatus) en Chiautzingo, Puebla
_h[En línea]
_c/por José Miguel castro Reyes y Noé Quiroz Robles
260 _aChapingo, Méx. :
_bEl autor,
_c2011
500 _aPara ver el contenido del material haga clic en la liga
502 _aTesis (Ing. Agroindustrial) -- UACH. Departamento de Ingeniería Agroindustrial
590 _aALEPH
_b10
_c20130110
_lUCH01
_h1541
590 _aBATCH-UPD
_b10
_c20130110
_lUCH01
_h1146
590 _aBATCH-UPD
_b10
_c20130410
_lUCH01
_h0731
590 _aBATCH-UPD
_b10
_c20130914
_lUCH01
_h0900
590 _aBATCH-UPD
_b10
_c20140324
_lUCH01
_h1526
590 _aBATCH-UPD
_b10
_c20141002
_lUCH01
_h0850
590 _aBATCH
_b00
_c20181121
_lUCH01
_h0759
590 _aCONVERSION
_b10
_c20130109
_lUCH01
_h1356
650 1 4 _aEmpresas.
_936635
650 1 4 _aEstudios de factibilidad.
_938520
650 1 4 _aHongos
_xPuebla.
_956116
650 1 4 _aPleurotus ostreatus.
_989176
650 1 4 _aProyectos
_xFinanciamiento.
_992526
650 1 4 _aSetas
_xCostos de producción.
_9105372
700 1 _aQuiros Robles, Noé.
_993512
856 _3Finding aid
_uhttp://10.13.5.2/tesis/113312.pdf
_zTeclea aqui
856 _a1
_n0001471
901 _aBK
942 _cFOLL
949 _aTesis
_bBC
_cTES
_d33724002249512
_eTS1
_gDonaciØn
_h52489
_i113312
_st
949 _aTesis
_bBC
_cTES
_d33724002249553
_eTS2
_fc.2
_gDonaciØn
_h52490
_i113312
_st
999 _c101651
_d101651